The government's response to the Environment, Transport and the Regional Affairs Committee's report on walking in towns and cities (Record no. 101793)
[ view plain ]
| 000 -LEADER | |
|---|---|
| fixed length control field | 01226cam a2200205 4500 |
| 008 - FIXED-LENGTH DATA ELEMENTS--GENERAL INFORMATION | |
| fixed length control field | 011203n2001 000 0 eng u |
| 020 ## - INTERNATIONAL STANDARD BOOK NUMBER | |
| International Standard Book Number | 0101527721 |
| 035 ## - SYSTEM CONTROL NUMBER | |
| System control number | (Sirsi) u115811 |
| 041 ## - LANGUAGE CODE | |
| Language code of text/sound track or separate title | eng |
| 050 ## - LIBRARY OF CONGRESS CALL NUMBER | |
| Classification number | 711.74 |
| -- | 18 |
| 110 ## - MAIN ENTRY--CORPORATE NAME | |
| Corporate name or jurisdiction name as entry element | Department for Transport, Local Government and the Regions |
| 9 (RLIN) | 4091 |
| 245 #4 - TITLE STATEMENT | |
| Title | The government's response to the Environment, Transport and the Regional Affairs Committee's report on walking in towns and cities |
| 260 ## - PUBLICATION, DISTRIBUTION, ETC. | |
| Place of publication, distribution, etc. | London |
| Name of publisher, distributor, etc. | Stationery Office |
| Date of publication, distribution, etc. | 2001 |
| 350 ## - PRICE (NR) (BK AM CF MU VM SE) [OBSOLETE] | |
| Price | 7 |
| 490 ## - SERIES STATEMENT | |
| Series statement | Cm |
| Volume/sequential designation | 5277 |
| 520 ## - SUMMARY, ETC. | |
| Summary, etc. | Government's responses include: ensuring that mixed-use developments offer a realistic choice of access by walking, cycling and public transport; encouraging the provision of day-to-day facilities in local centres within reach by walking; encouraging local authorities to identify key routes and networks for walking and to create more direct and safe walking routes; and the importance of high quality urban design in new developments. |
| 690 ## - LOCAL SUBJECT ADDED ENTRY--TOPICAL TERM (OCLC, RLIN) | |
| Topical term or geographic name as entry element | PROPERTY-INFRASTRUCTURE-TRANSPORT INFRASTRUCTURE |
| 856 ## - ELECTRONIC LOCATION AND ACCESS | |
| Uniform Resource Identifier | <a href="https://www.dft.gov.uk/stellent/groups/dft_susttravel/documents/page/dft_susttravel_503984-01.hcsp">https://www.dft.gov.uk/stellent/groups/dft_susttravel/documents/page/dft_susttravel_503984-01.hcsp</a> |
| Public note | View the response at www.dft.gov.uk... |
| 942 ## - ADDED ENTRY ELEMENTS (KOHA) | |
| Suppress in OPAC | 0 |
| Withdrawn status | Lost status | Source of classification or shelving scheme | Damaged status | Not for loan | Home library | Current library | Shelving location | Date acquired | Cost, normal purchase price | Total Checkouts | Full call number | Barcode | Date last seen | Copy number | Cost, replacement price | Price effective from | Koha item type |
|---|---|---|---|---|---|---|---|---|---|---|---|---|---|---|---|---|---|
| Dewey Decimal Classification | Virtual | Virtual | Online | 07/01/2004 | 5.95 | ONLINE PUBLICATION | 30068953 | 06/08/2019 | 1 | 5.95 | 06/08/2019 | Book |